Τεχνολογίες αυτόματης αναγνώρισης και συλλογής στοιχείων σε οργανισμούς κι εφοδιαστικά δίκτυα : η ραδιοσυχνοτική αναγνώριση προϊόντων - radio frequency identification : πτυχιακή εργασία

Αποθηκεύτηκε σε:
Λεπτομέρειες βιβλιογραφικής εγγραφής
Κύριος συγγραφέας: Λάμπρου, Κωνσταντίνος
Συγγραφή απο Οργανισμό/Αρχή: Πανεπιστήμιο Αιγαίου Σχολή Επιστημών της Διοίκησης Τμήμα Διοίκησης Επιχειρήσεων - Τ.Δ.Ε
Άλλοι συγγραφείς: Βιδάλης, Μιχάλης (Εισηγητής διατριβής)
Μορφή: Thesis Βιβλίο
Γλώσσα:Greek
Δημοσίευση: 2012
Θέματα:
Διαθέσιμο Online:http://hdl.handle.net/11610/6584
Ετικέτες: Προσθήκη ετικέτας
Δεν υπάρχουν, Καταχωρήστε ετικέτα πρώτοι!

MARC

LEADER 00000cam a2200000 i 4500
001 1/65912
008 150204s2012 gre d
035 |l 10120884 
040 |a GR-MY-UA  |b gre  |e aacr 
041 0 |a gre 
082 0 |a 621.384192  |2 (23) 
100 1 |a Λάμπρου, Κωνσταντίνος. 
245 1 0 |a Τεχνολογίες αυτόματης αναγνώρισης και συλλογής στοιχείων σε οργανισμούς κι εφοδιαστικά δίκτυα :  |b η ραδιοσυχνοτική αναγνώριση προϊόντων - radio frequency identification : πτυχιακή εργασία /  |c εισηγητής: Κωνσταντίνος Λάμπρου ; επιβλέπων καθηγητής: Δρ. Μιχαήλ Βιδάλης 
260 |c 2012 
300 |a 145 σ.;  |b εικ., πίν.;  |c 30 εκ. 
502 # # |a Πτυχιακή εργασία – Πανεπιστήμιο Αιγαίου, Χίος, 2012. 
504 |a Περιλαμβάνει βιβλιογραφία 
650 0 0 |a Radio frequency identification systems. 
650 0 0 |a Identification--Equipment and supplies. 
650 0 0 |a Bar coding. 
650 0 0 |a Materials management  |x Data processing. 
650 0 0 |a Dissertations, Academic  |z Greece. 
700 1 |a Βιδάλης, Μιχάλης.  |4 ths 
710 1 |a Πανεπιστήμιο Αιγαίου  |b Σχολή Επιστημών της Διοίκησης  |b Τμήμα Διοίκησης Επιχειρήσεων - Τ.Δ.Ε. 
852 |a INST  |b CHIOS  |c DIATR  |e 20150204  |h 621.384192 ΛΑΜ  |p 005200034835  |q 005200034835  |t DIE  |y 23 
852 |a INST  |b CHIOS  |c DIATR  |e 20150204  |h 621.384192 ΛΑΜ  |p 005200034836  |q 005200034836  |t DIE  |y 23 
856 |u http://hdl.handle.net/11610/6584 
901 |a BIBL2-2015-1 
909 |a Χ  |b 179631 
909 |a Χ  |b 179632 
924 |a ΛΑΜΠΡΟΥ  |b ΚΩΝΣΤΑΝΤΙΝΟΣ  |y ΧΙΟΣ  |z 2013-03 
970 |a ΠΑΡΟΙΚΑΚΗ  |b ΒΑΣΙΛΙΚΗ  |z 2015/02/04